| 000 | 01026aam a2200337 a 4500 | ||
|---|---|---|---|
| 003 | BLK | ||
| 005 | 20250407121726.0 | ||
| 008 | 181012b bu ||||| |||| 00| 0 bu d | ||
| 020 | _a9789547339507 | ||
| 040 | _aBLK | ||
| 041 |
_aBUL _cBUL |
||
| 080 |
_aБългарска литература _b821.163.2 _x-94 _z821.163.2-94 |
||
| 100 |
_aБереану, Владимир Бернард _9389990 _d1954- |
||
| 139 |
_aБереану, Владимир _bБ 38 |
||
| 245 |
_aЗа кого звъни телефонът _cВладимир Береану |
||
| 260 |
_bПрозорец _c2018 _fИнвестпрес _g2018 |
||
| 300 |
_a352 с. _c20 см |
||
| 380 | _aX | ||
| 650 | 7 |
_9161862 _aМемоари |
|
| 650 | 0 |
_9270886 _aСпомени |
|
| 653 | 7 |
_9185310 _aдневници |
|
| 852 | _aЦб 291997 | ||
| 942 |
_cKNG _2udc _n0 _039 |
||
| 999 |
_c322743 _d322743 |
||
| 999 | _d322743 | ||
| 999 | _d322743 | ||
| 999 | _d322743 | ||
| 999 | _d322743 | ||
| 999 | _d322743 | ||
| 999 | _d322743 | ||
| 944 |
_k30576 _lЦветомила Тодорова |
||